Effective Succession Planning : Ensuring Leadership Continuity and Building Talent from Within /

Bibliographic Details
Main Author: Rothwell, William
Format: Book
Published: Fourth edition.
Subjects:
LEADER 00823cam a2200241 7i4500
001 0000013369
005 20151104090000.0
005 ##20151104114000.0
003 ##MY-KlINT
020 # # |a 9780814414163  
039 # 9 |y 201511041140  |z VLOAD 
090 0 0 |a 658.4092   |b ROT 
100 1 # |a Rothwell, William 
245 0 0 |a Effective Succession Planning :   |b Ensuring Leadership Continuity and Building Talent from Within /   |c William J. Rothwell. 
260 # # |a Fourth edition. 
300 # # |a U.S.AbAMACOM;   |c 2010. 
650 # 0 |a Organizational effectiveness  
650 # 0 |a Leadership  
650 # 0 |a Executive ability  
650 # 0 |a Includes bibliographical references and index  
650 # 0 |a Executive succession --   |z United States  
999 |a 1108066997  |b BOOK  |c Main Non-Fiction  |e INTAN BK 
999 |a 1109067179  |b BOOK  |c Main Non-Fiction  |e INTAN BK